000 00625nam a2200217 4500
001 63190
003 BD-RjUL
005 20211209081152.0
008 170128s1968 mau 00110 eng d
035 _a(BD-RjUL)63318
040 _aANL
_beng
_dBD-RjUL
_cBD-RjUL
041 _aeng
082 0 0 _a821
_223
_bCHI 1968
100 _aChatman, Seymour Benjamin
_9188063
245 1 3 _aAn introduction to the language of poetry /
_cSeymour Benjamin Chatman
260 _aBoston :
_bHoughton Mifflin,
_c1968.
300 _axix, 357 p. ;
_c21 cm.
500 _aIncludes index.
650 0 _aEnglish poetry.
_9179095
942 _2ddc
_cBK
999 _c63190
_d63190